000 00748nam a2200193 a 4500
005 20160407020002.0
008 140130b2008 ck ||||| |||| 00| 0 spa d
040 _cCO-BoIH
041 _aspa
044 _ack
090 _aIAVH
_b01205
100 _aAguilar Garavito, Mauricio
_930760
245 _aImplementación participativa de herramientas de manejo de paisaje en la Reserva Forestal El Robledal e implementación de un vivero comunitario en el área de influencia del Páramo de Rabanal
_bInforme final
260 _aBogotá
_bIAVH
_bCorpoboyacá
_bCorpochivor
_bCAR
_c2008
300 _a123 p.
662 _aColombia
_cPáramo de Rabanal
662 _cReserva Forestal Protectora El Robledal
_dGuachetá
_bCundinamarca
942 _cINFORME
_2z
_04
999 _c6426
_d6426